000 00813nam a22002292 b4500
001 26217
003 BD-RjUL
005 20211209051003.0
008 140320s1970 vau 001 2 eng d
035 _a(BD-RjUL)26287
040 _aBIP US
_dWaSeSS
_dBD-RjUL
_beng
_cBIP US
041 _aeng
082 _222
_a826.8
_bLET V-20 1970
100 1 _aNewman, John Henry
_d1801-1890
_980598
245 1 4 _aThe Letters and Diaries of John Henry Newman /
_cJohn Henry Newman, Cardinal; Charles Stephen Dessain
_nVolume XX
_pStanding firm amid trials, July 1861 to December 1863
260 _aLondon :
_bForestry Commission,
_cc1970.
300 _axv, 609 p. ;
_c25 cm.
504 _aIncludes index.
506 _aLicense restrictions may limit access.
600 1 0 _aNewman, John Henry,
_d1801-1890
_980600
942 _2ddc
_cBK
999 _c26217
_d26217